00450nam a22001697a 450000500170000001000140001702000220003103500130005303700130006608200100007910000160008924500340010526000380013927000560017730000230023350000240025620100728112444.0 aENG-97200 a8177357360c35.00 aEN-80733 bDBAD/PUB a632.9 aPrabakar, K aPest control /cby K Prabakar aChennaibPavai Publicationsc2008 a142, Jani Jan Khan Road RoyapettahbChennaie600014 a76 pc20 cm. (pbk) aIncludes references